000 00397nam a2200133Ia 4500
008 100328s9999 xx 000 0 und d
082 _b65622
100 _aओक संजीव.
245 _aतेव्हा आणि आता.
260 _bसानिया.
630 _aतेव्हा आणि आता.
730 _aतेव्हा आणि आता.
942 _cBOOK
999 _c551367
_d551364